| 000 | 00684nam a22002057a 4500 | ||
|---|---|---|---|
| 003 | OSt | ||
| 005 | 20250401160710.0 | ||
| 008 | 250401b |||||||| |||| 00| 0 eng d | ||
| 020 | _a9781032605371 | ||
| 040 | _cAIMIT Library | ||
| 082 |
_a005.768 _bRAJP |
||
| 245 |
_aThe internet of things and big data analytics : _bintegrated platforms and industry use cases / _cEdited by Pethuru Raj...[et.al.] |
||
| 260 |
_aUK , _bCRC Press : _c2020. |
||
| 300 |
_axiii,323p. ; _b23cm. |
||
| 700 |
_aRaj, Pethuru. _eEditor _9207238 |
||
| 700 |
_aPoongodi, T. _eEditor _9207239 |
||
| 700 |
_aBalusamy, Balamurugan. _eEditor _9207240 |
||
| 700 |
_aKhari, Manju. _eEditor _9207241 |
||
| 942 |
_2ddc _cBK |
||
| 999 |
_c234068 _d234068 |
||